| 000 | 00624cam a2200217 a 4500 | ||
|---|---|---|---|
| 001 | sjds1073902 | ||
| 003 | sjdst | ||
| 005 | 20220429103317.0 | ||
| 008 | 910102s1989 ag a 000 1 spa c | ||
| 010 | _a 91100185 | ||
| 020 | _a9500705516 | ||
| 040 |
_aMH _cMH _dDLC |
||
| 041 | _aspa | ||
| 050 | 1 | 4 |
_aPQ8180.17.A73 _bG4 1989c |
| 100 | 1 |
_aGarcía Marquez, Gabriel, _d1927-2014. |
|
| 245 | 1 | 3 |
_aEl general en su laberinto / _cGabriel García Marquez. |
| 260 |
_aBuenos Aires : _bEditorial Sudamericana, _c1989. |
||
| 300 |
_a286 p. : _bill. ; _c22 cm. |
||
| 600 | 1 | 0 |
_aBolivar, Simon, _d1783-1830 _vFiction. |
| 942 | _cBK | ||
| 999 |
_c26982 _d26982 |
||